Optimizacija planov proizvodstva

Salvato in:
Dettagli Bibliografici
Natura: Libro
Lingua:russo
Pubblicazione: Novosibirsk Nauka 1987
Edizione:1. izd.
Tags: Aggiungi Tag
Nessun Tag, puoi essere il primo ad aggiungerne!!

MARC

LEADER 00000nam a2200000 4500
001 c022352
005 20241217130216.9
041 0 |a rus 
044 |a RU 
245 1 0 |a Optimizacija planov proizvodstva  |c Red. V.L. Makarov 
250 |a 1. izd. 
264 1 |a Novosibirsk  |b Nauka  |c 1987 
300 |a 212 s.